000 00576nam a2200181Ia 4500
008 090124s9999 xx 000 0 und d
082 _b118047
100 _aभावे पु. भा. (पुरुषोत्तम भास्कर)
245 _a आग
250 _a2
260 _c1979
300 _a148
600 _aभावे पु. भा. (पुरुषोत्तम भास्कर)
630 _a आग
700 _aभावे पु. भा. (पुरुषोत्तम भास्कर)
730 _a आग
942 _cBOOK
999 _c164134
_d164134